000 00840cam a22002653a 4500
001 21304
003 PGUSA
005 20140828083444.0
008 070504s2007||||xxu|||||s|||||000 1 eng d
040 _aPGUSA
_beng
042 _adc
050 4 _aPR
100 1 _aFenn, George Manville,
_d1831-1909
245 1 0 _aBegumbagh :
_bA Tale of the Indian Mutiny
_h[electronic resource] /
_cGeorge Manville Fenn
260 _bProject Gutenberg,
_c2007
506 _aPublic domain in the USA.
516 _aElectronic text
653 _aIndia -- History -- Sepoy Rebellion, 1857-1858 -- Fiction
653 _aIndia -- History -- Fiction
653 _aBritish -- India -- Fiction
700 1 _aStacey, W. S.
_q(Walter S.),
_d1846-1929
830 0 _aProject Gutenberg
_v21304
856 4 0 _uhttp://www.gutenberg.org/ebooks/21304
942 _cEB
999 _c250559
_d250559